Aktiviti dan latihan kecergasan ke arah gaya hidup sihat /

Bibliographic Details
Main Author: Nagoor Meera Abdullah
Format: Book
Published: Shah Alam: UiTM, Pusat Penerbitan Universiti (UPENA), 2007.
Subjects:
LEADER 00810cam a2200241 7i4500
001 0000062440
005 20151104090000.0
005 ##20151104184700.0
003 ##MY-KlINT
020 # # |a 9833643653  
039 # 9 |y 201511041847  |z VLOAD 
090 0 0 |a 613.71 NAG  
100 1 # |a Nagoor Meera Abdullah. 
245 1 0 |a Aktiviti dan latihan kecergasan ke arah gaya hidup sihat /   |c Nagoor Meera Abdullah, Sarimah Ismail.. 
260 # # |a Shah Alam:   |b UiTM, Pusat Penerbitan Universiti (UPENA),   |c 2007. 
300 # # |a 71ms;   |c 23cm. 
650 # 0 |a Physical fitness  
650 # 0 |a Women --   |x health and hygine  
650 # 0 |a Physical fitness --   |x Nutritional aspects  
996 |a ikwas2010.out 
997 |a 3000013523  |b IKWS  |c MNF  |d BOK 
998 |a 0000009396 
999 |a 3000013523  |b BOOK  |c Main Non-Fiction  |e INTAN Kampus Wilayah Selatan